[Event "Vojvodina Cup"]
[Site "Sombor"]
[Date "2008.05.03"]
[Round "4.2"]
[White "Jovanovic, Radoslav"]
[Black "Sedlak, Ivan"]
[Result "0-1"]
[WhiteElo "2247"]
[BlackElo "2160"]
[PlyCount "198"]
[EventDate "2008.05.01"]
[EventType "team-tourn"]
[EventRounds "5"]
[EventCountry "YUG"]
[SourceTitle "EXT 2011"]
[Source "ChessBase"]
[SourceDate "2010.11.26"]
[SourceVersion "1"]
[SourceVersionDate "2010.11.26"]
[SourceQuality "1"]

1. d4 Nf6 2. Nf3 e6 3. g3 b6 4. Bg2 Bb7 5. 0-0 Be7 6. c4 d6 7. d5 exd5 8. Nh4 Qd7 9. cxd5 0-0 10. e4 Re8 11. Re1 c6 12. Nc3 Na6 13. dxc6 Bxc6 14. e5 dxe5 15. Qxd7 Bxd7 16. Bxa8 Rxa8 17. Rxe5 Bd6 18. Re2 h6 19. Be3 Be6 20. Rd2 Be7 21. Nf3 Nc5 22. Bxc5 Bxc5 23. Rad1 Be7 24. Nd4 Bd7 25. f3 a6 26. Kg2 b5 27. a3 Rc8 28. Nc2 Be6 29. Nb4 a5 30. Nbd5 Nxd5 31. Nxd5 Bf8 32. Nf4 Bb3 33. Rd8 Rc2+ 34. R1d2 Rxd2+ 35. Rxd2 g6 36. Rd8 Kg7 37. Ra8 a4 38. Nd3 Be7 39. Ra5 Bf6 40. Kf2 Bc4 41. Ke3 Bd8 42. Ra6 Bf6 43. Rb6 h5 44. f4 Bxd3 45. Kxd3 Bxb2 46. Rxb5 Bxa3 47. Ra5 Be7 48. Rxa4 Bc5 49. Ke4 Bg1 50. h3 Bc5 51. g4 hxg4 52. hxg4 Be7 53. Ra7 Bc5 54. Rc7 Ba3 55. g5 Bd6 56. Rd7 Ba3 57. Ra7 Bc1 58. Rc7 Bd2 59. Rc2 Bb4 60. Kd5 Be7 61. Kc6 Bb4 62. Kd7 f6 63. Ke6 fxg5 64. fxg5 Ba5 65. Rc8 Bb6 66. Rb8 Bd4 67. Rb7+ Kg8 68. Rb4 Bc3 69. Re4 Bb2 70. Re2 Bc3 71. Rc2 Ba1 72. Kd5 Kg7 73. Re2 Bc3 74. Ra2 Kg8 75. Kc4 Be5 76. Ra5 Bb2 77. Ra6 Kg7 78. Rb6 Ba1 79. Rb8 Be5 80. Rb5 Ba1 81. Rb1 Be5 82. Rg1 Bb2 83. Re1 Kg8 84. Kd5 Bc3 85. Re7 Bb2 86. Rc7 Ba1 87. Rc2 Kg7 88. Rf2 Kg8 89. Ke4 Bc3 90. Rc2 Ba1 91. Kd5 Kg7 92. Ke6 Kg8 93. Ke7 Bd4 94. Rc6 Kg7 95. Rf6 Bb2 96. Ke6 Bc3 97. Rf2 Kg8 98. Ke7 Bd4 99. Ke6 Bxf2 0-1

[Event "SCG-chT Vojvodina"]
[Site "Sombor"]
[Date "2004.09.28"]
[Round "5.5"]
[White "Azaric, Slavko"]
[Black "Jovanovic, Radoslav"]
[Result "0-1"]
[WhiteElo "2266"]
[BlackElo "2200"]
[PlyCount "60"]
[EventDate "2004.09.25"]
[EventType "team-tourn"]
[EventRounds "11"]
[EventCountry "YUG"]
[SourceTitle "CBM 102 Extra"]
[Source "ChessBase"]
[SourceDate "2004.11.03"]
[SourceVersion "1"]
[SourceVersionDate "2004.11.03"]
[SourceQuality "1"]
[WhiteTeam "04"]
[BlackTeam "11"]
[WhiteTeamCountry "YUG"]
[BlackTeamCountry "YUG"]

1. e4 d6 2. d4 c5 3. Nf3 Nf6 4. Nc3 cxd4 5. Nxd4 g6 6. Be3 Bg7 7. f3 0-0 8. Qd2 Nc6 9. 0-0-0 Bd7 10. Kb1 Rc8 11. g4 Ne5 12. Bh6 Nxf3 13. Nxf3 Bxh6 14. g5 Rxc3 15. Qxc3 Nxe4 16. Qe3 Bg7 17. Qxe4 Qb6 18. b3 Bc6 19. Qd3 Qb4 20. Be2 b5 21. Rhf1 Be4 22. Qd2 Bc3 23. Qc1 Rc8 24. Bd3 Bxf3 25. Rxf3 Be5 26. Qd2 Qd4 27. c3 Rxc3 28. Qf2 Rxb3+ 29. Kc1 Qa1+ 30. Kd2 Qc3+ 0-1